<?xml version="1.0" encoding="UTF-8"?>
<record
    xmlns:xsi="http://www.w3.org/2001/XMLSchema-instance"
    xsi:schemaLocation="http://www.loc.gov/MARC21/slim http://www.loc.gov/standards/marcxml/schema/MARC21slim.xsd"
    xmlns="http://www.loc.gov/MARC21/slim">

  <leader>00666nam a22001937a 4500</leader>
  <controlfield tag="005">20230919160007.0</controlfield>
  <datafield tag="010" ind1=" " ind2=" ">
    <subfield code="a">UR-12271</subfield>
  </datafield>
  <datafield tag="020" ind1=" " ind2=" ">
    <subfield code="a">9789394616929</subfield>
    <subfield code="c">500.00</subfield>
  </datafield>
  <datafield tag="035" ind1=" " ind2=" ">
    <subfield code="a">U-10826</subfield>
  </datafield>
  <datafield tag="037" ind1=" " ind2=" ">
    <subfield code="b">DBAD/PUB</subfield>
    <subfield code="a">-</subfield>
  </datafield>
  <datafield tag="082" ind1=" " ind2=" ">
    <subfield code="a">844</subfield>
  </datafield>
  <datafield tag="100" ind1=" " ind2=" ">
    <subfield code="a">&#x639;&#x637;&#x627; &#x639;&#x627;&#x628;&#x62F;&#x6CC;</subfield>
    <subfield code="9">56984</subfield>
  </datafield>
  <datafield tag="245" ind1=" " ind2=" ">
    <subfield code="a">&#x622;&#x632;&#x627;&#x62F;&#x6CC; &#x6A9;&#x6D2; &#x628;&#x639;&#x62F; &#x628;&#x6C1;&#x627;&#x631; &#x6A9;&#x6D2; &#x627;&#x631;&#x62F;&#x648; &#x627;&#x62F;&#x628;&#x6CC; &#x633;&#x627;&#x64A;&#x644; /</subfield>
    <subfield code="c">&#x639;&#x637;&#x627; &#x639;&#x627;&#x628;&#x62F;&#x6CC;</subfield>
  </datafield>
  <datafield tag="246" ind1=" " ind2=" ">
    <subfield code="a">Azadi ke Baad Bihar ke Urdu Adabi Rasael /</subfield>
    <subfield code="b">by Ata Abidi</subfield>
  </datafield>
  <datafield tag="260" ind1=" " ind2=" ">
    <subfield code="a">New Delhi</subfield>
    <subfield code="b">Educational Publishing House</subfield>
    <subfield code="c">2022 &#x621;  </subfield>
  </datafield>
  <datafield tag="270" ind1=" " ind2=" ">
    <subfield code="a">H.o. D1/16, Ansari Road, Daryaganj</subfield>
    <subfield code="b">New Delhi</subfield>
    <subfield code="e">110002</subfield>
  </datafield>
  <datafield tag="300" ind1=" " ind2=" ">
    <subfield code="a">320 &#x635;</subfield>
    <subfield code="c">23cm(Hb)</subfield>
  </datafield>
  <datafield tag="942" ind1=" " ind2=" ">
    <subfield code="2">ddc</subfield>
    <subfield code="c">UR</subfield>
    <subfield code="h">844</subfield>
    <subfield code="m">&#x639; &#x637; &#x627;</subfield>
  </datafield>
  <datafield tag="999" ind1=" " ind2=" ">
    <subfield code="c">198388</subfield>
    <subfield code="d">198388</subfield>
  </datafield>
  <datafield tag="952" ind1=" " ind2=" ">
    <subfield code="0">0</subfield>
    <subfield code="1">0</subfield>
    <subfield code="4">0</subfield>
    <subfield code="7">0</subfield>
    <subfield code="8">NFIC</subfield>
    <subfield code="a">ZLS</subfield>
    <subfield code="b">ZLS</subfield>
    <subfield code="d">2023-09-19</subfield>
    <subfield code="e">DBAD/PUB</subfield>
    <subfield code="g">500.00</subfield>
    <subfield code="l">0</subfield>
    <subfield code="o">844 &#x639; &#x637; &#x627;</subfield>
    <subfield code="p">U-10826</subfield>
    <subfield code="r">2023-09-19 00:00:00</subfield>
    <subfield code="t">1</subfield>
    <subfield code="v">500.00</subfield>
    <subfield code="w">2023-09-19</subfield>
    <subfield code="y">UR</subfield>
  </datafield>
</record>
